| 000 | 00955nam a22002057a 4500 | ||
|---|---|---|---|
| 999 |
_c59647 _d59647 |
||
| 003 | Ge_BSU | ||
| 005 | 20230329095605.0 | ||
| 008 | 230328b xxu||||| |||| 00| 0 geo d | ||
| 020 | _a9992821388 | ||
| 041 | _ageo | ||
| 080 | _a347.9(076.5) ლ-61 | ||
| 100 |
_aლილუაშვილი, თენგიზ _916901 |
||
| 245 |
_aსამოქალაქო საქმეთა წარმოება სასამართლოში : _b პრაქტ. სახელმძღვ / _cთენგიზ ლილუაშვილი. |
||
| 250 | _aმე-2 გადამუშ. და გაფართ. გამოც. | ||
| 264 |
_aთბილისი : _bჯისიაი, _c2001. |
||
| 300 |
_a54 გვ. ; _b20 სმ. |
||
| 653 | _aსამოქალაქო საქმეების წარმოება სასამართლოში | ||
| 653 | _aსამართალი | ||
| 942 |
_2udc _cBK |
||